000 00923nmm a2200277 a 4500
001 ocm000660019
003 TR-IsHL
005 20201028132629.0
008 131030s2011 tu tur
007 cr cn
020 _a9789944608978
035 _a660019
_b(N$T)
050 0 4 _aHC491.A4
_bT87 2011
090 0 4 _aHC491.A4
_bT87 2011
245 1 0 _a2010 ekonomik rapor: 66. genel kurul
_h[electronic resource]
260 _aAnkara :
_bTürkiye Odalar ve Borsalar Birliği,
_c2011
300 _a193 p.
650 4 _aEkonomi ve Finans
650 4 _aEconomics and Finance
650 0 _aTürkiye
_xEkonomi politikası
650 0 _aTurkey
_xEconomic policy
650 0 _aTürkiye
_xEkonomik koşullar
650 0 _aTurkey
_xEconomic conditions
650 7 _aBUSINESS & ECONOMICS / Economic Conditions
_2bisacsh
856 4 0 _uhttp://search.ebscohost.com/login.aspx?direct=true&scope=site&db=e011xww&AN=660019
999 _c5196
_d5196